Thor: The Dark World (2013) Characters - Statistics

General Stats
  • This quiz has been taken 26 times
  • The average score is 10 of 14
Answer Stats
Hint Answer % Correct
Tom Hiddelston Loki Laufeyson
100%
Chris Hemsworth Thor Odinson
100%
Anthony Hopkins Odin Borson
91%
Natalie Portman Jane Foster
87%
Chris Evans Captain America
83%
Idris Elba Heimdall
83%
Stan Lee Himself
78%
Rene Russo Frigga
70%
Stellan Skarsgard Erik Selvig
65%
Kat Dennings Darcy Lewis
61%
Jaime Alexander Lady Sif
61%
Benicio Del Toro The Collector
39%
Ray Stevenson Volstagg
39%
Zachary Levi Fandral
30%
No matching quizzes found
Score Distribution
Percent of People with Each Score
Percentile by Number Answered
Your Score History
You have not taken this quiz